| 000 | 00892cam a2200277 i 4500 | ||
|---|---|---|---|
| 001 | 26152 | ||
| 003 | Mx-PuUPA | ||
| 005 | 20250623095458.0 | ||
| 008 | 140415s1947 mx a gr 000 0 spa d | ||
| 040 |
_aMx-PuUPA _bspa _cMx-PuUPA _dMx-PuUPA _erda |
||
| 041 | 0 | _aspa | |
| 100 | 1 |
_aGaribi Tortolero, Manuel, _eautor _917219 |
|
| 245 | 1 | 0 |
_aCatecismo sintético guadalupano / _cManuel Garibi Tortolero |
| 264 | 1 | _c1947 | |
| 300 |
_a22 páginas : _bilustraciones ; _c18 cm |
||
| 336 |
_2rdacontent _atexto _btxt |
||
| 337 |
_2rdamedia _asin medio _bn |
||
| 338 |
_2rdacarrier _avolumen _bnc |
||
| 600 | _aVirgen de Guadalupe | ||
| 600 |
_aVirgen de Guadalupe _xApariciones y milagros |
||
| 650 | 7 |
_2armarc _913986 _aIglesia Católica _xCatecismos y credos |
|
| 650 | 7 |
_2armarc _aCatecismos |
|
| 942 |
_2ddc _cLI _h238.2 _iG22 |
||
| 999 |
_c26152 _d26152 |
||